|
|
|
|
| LEADER |
00000naa2a2200000 4500 |
| 001 |
186883 |
| 005 |
20260113131714.0 |
| 035 |
|
|
|a (RuTPU)RU\TPU\book\202763
|
| 090 |
|
|
|a 186883
|
| 100 |
|
|
|a 20101103d2010 k y0rusy50 ca
|
| 101 |
0 |
|
|a rus
|
| 102 |
|
|
|a RU
|
| 200 |
1 |
|
|a Энергетическое обследование сетей 110 КВ "МРСК Сибири". Часть II. Силовые трансформаторы
|f В. А. Мельников [и др.]
|
| 320 |
|
|
|a Библиогр.: 3 назв.
|
| 463 |
|
1 |
|0 (RuTPU)RU\TPU\book\196586
|t Электроэнергия: от получения и распределения до эффективного использования
|o материалы Всероссийской научно-технической конференции, 25-28 мая 2010 г., Томск
|f Национальный исследовательский Томский политехнический университет (НИ ТПУ)
|v С. 163-167
|d 2010
|
| 610 |
1 |
|
|a силовые трансформаторы
|
| 610 |
1 |
|
|a энергетическое обследование
|
| 610 |
1 |
|
|a линии электропередач
|
| 610 |
1 |
|
|a труды учёных ТПУ
|
| 701 |
|
1 |
|a Мельников
|b В. А.
|
| 701 |
|
1 |
|a Погодин
|b А. В.
|
| 701 |
|
1 |
|a Волков
|b М. В.
|c специалист в области технологий сесурсосбережения
|c ведущий электроник Томского политехнического университета
|g Михаил Валерьевич
|3 (RuTPU)RU\TPU\pers\27066
|
| 701 |
|
1 |
|a Литвак
|b В. В.
|c специалист в области теплоэнергетики
|c профессор Томского политехнического университета, доктор технических наук
|f 1940-
|g Валерий Владимирович
|3 (RuTPU)RU\TPU\pers\25676
|9 11587
|
| 801 |
|
1 |
|a RU
|b 63413507
|c 20101103
|
| 801 |
|
2 |
|a RU
|b 63413507
|c 20140311
|g RCR
|
| 942 |
|
|
|c BK
|